[Event "Amager CC-ch"]
[Site "Amager"]
[Date "2011.03.08"]
[Round "4"]
[White "Larsen, Ulrik Jejlskov"]
[Black "Pommerencke, Lars"]
[Result "0-1"]
[WhiteElo "1517"]
[BlackElo "1511"]
[PlyCount "138"]
[EventDate "2011.01.25"]
[EventType "swiss"]
[EventRounds "7"]
[EventCountry "DEN"]
[SourceTitle "EXT 2023"]
[Source "ChessBase"]
[SourceDate "2022.10.05"]
[SourceVersion "1"]
[SourceVersionDate "2022.10.05"]
[SourceQuality "1"]

1. d4 d5 2. e3 Nf6 3. Nf3 Bg4 4. Nbd2 Nbd7 5. c4 e6 6. Qb3 Rb8 7. Bd3 c6 8. 0-0 Bd6 9. e4 dxe4 10. Nxe4 Nxe4 11. Bxe4 Nf6 12. Bc2 Bh5 13. Bg5 Bg6 14. Ne5 Be7 15. Rad1 Qb6 16. Qxb6 axb6 17. Nxg6 hxg6 18. Bf4 Rd8 19. Bc7 Rd7 20. Bxb6 Bd6 21. h3 g5 22. Rfe1 Kf8 23. Bc5 Bxc5 24. dxc5 Rxd1 25. Rxd1 Ke7 26. a4 g4 27. Rd3 gxh3 28. Rxh3 Rxh3 29. gxh3 Nd7 30. b4 Kf8 31. Kf1 Ne5 32. Bb3 Nd3 33. b5 Nxc5 34. Bc2 b6 35. Ke2 Ke7 36. Ke3 cxb5 37. cxb5 Nb7 38. Kd4 Kd6 39. f4 f6 40. h4 Na5 41. Be4 Nb3+ 42. Kc3 Nc5 43. Bc2 e5 44. fxe5+ Kxe5 45. Kb4 Nb7 46. Kc4 Na5+ 47. Kd3 Kf5 48. Kd4+ Kg4 49. Ke4 Kxh4 50. Kf5 g5 51. Kxf6 g4 52. Ke6 Nb7 53. Kd5 Na5 54. Be4 Kg3 55. Kd6 Kf2 56. Kc7 Nc4 57. Bd5 g3 58. Bxc4 g2 59. Kxb6 g1Q 60. Bd5 Kg3+ 61. Ka6 Qc5 62. Bc6 Kf4 63. a5 Ke5 64. Kb7 Qe7+ 65. Kb6 Kd6 66. Bh1 Qd8+ 67. Ka6 Kc7 68. b6+ Kb8 69. Bg2 Qd3# 0-1

[Event "Amager CC-ch"]
[Site "Amager"]
[Date "2011.02.08"]
[Round "2"]
[White "Madsen, Palle Svend"]
[Black "Pommerencke, Lars"]
[Result "1/2-1/2"]
[WhiteElo "1882"]
[BlackElo "1511"]
[PlyCount "68"]
[EventDate "2011.01.25"]
[EventType "swiss"]
[EventRounds "7"]
[EventCountry "DEN"]
[SourceTitle "EXT 2023"]
[Source "ChessBase"]
[SourceDate "2022.10.05"]
[SourceVersion "1"]
[SourceVersionDate "2022.10.05"]
[SourceQuality "1"]

1. e4 d5 2. exd5 Qxd5 3. Nc3 Qa5 4. b4 Qe5+ 5. Be2 Nf6 6. Nf3 Qd6 7. b5 Bf5 8. a4 e6 9. Ba3 Qd8 10. Bxf8 Kxf8 11. 0-0 Nbd7 12. d4 Nb6 13. Qd2 Nbd5 14. Nxd5 exd5 15. c4 Be6 16. c5 h6 17. Bd3 g6 18. Rfe1 Kg7 19. Ne5 Nd7 20. f4 Nxe5 21. Rxe5 Re8 22. Rae1 c6 23. f5 Bd7 24. Rxe8 Bxe8 25. fxg6 fxg6 26. Qe3 Bf7 27. Qe7 Qxe7 28. Rxe7 Rb8 29. Kf2 Kf6 30. Re2 Re8 31. bxc6 Rxe2+ 32. Kxe2 bxc6 33. Ba6 Be6 34. Ke3 g5 1/2-1/2